Central Library OPAC University of Rajshahi
Normal view MARC view

Entry Topical Term

Number of records used in: 0

001 - CONTROL NUMBER

  • control field: 6800

003 - CONTROL NUMBER IDENTIFIER

  • control field: BD-RjUL

005 - DATE AND TIME OF LATEST TRANSACTION

  • control field: 20230201101218.0

008 - FIXED-LENGTH DATA ELEMENTS

  • fixed length control field: 230201|| aca||aabn | a|a d

040 ## - CATALOGING SOURCE

  • Original cataloging agency: BD-RjUL
  • Transcribing agency: BD-RjUL

150 ## - HEADING--TOPICAL TERM

  • Topical term or geographic name entry element: Seeds
  • Form subdivision: Insecticidal

670 ## - SOURCE DATA FOUND

  • Source citation: Work cat.: (BD-RjUL)81156: Kulsum, Mst. Ummey 6799, Antimicrobial and Insecticidal Activities of Seed Extracts of Abroma Augustal. and Mucuna Pruriens l. /, 2018